Network models in population biology
Guardat en:
| Autor principal: | |
|---|---|
| Format: | Llibre |
| Idioma: | anglès |
| Publicat: |
Berlín
Springer
1977
|
| Col·lecció: | Biomathematics, 7
|
| Matèries: | |
| Etiquetes: |
Afegir etiqueta
Sense etiquetes, Sigues el primer a etiquetar aquest registre!
|
MARC
| LEADER | 00000cam a2200000 a 4500 | ||
|---|---|---|---|
| 001 | UCF4622 | ||
| 003 | CL-VaPUC | ||
| 008 | 121213e19770000GW |||||||||||||||||eng|d | ||
| 020 | |a 354008214X | ||
| 082 | 0 | 4 | |a 576 |b LEW |2 21 |
| 100 | 0 | |a Lewis, Edwin R |e author |9 566181 | |
| 245 | 1 | 0 | |a Network models in population biology |
| 300 | |a 402 p | ||
| 942 | |c BK | ||
| 945 | |d 20121213 00:00:00 |a dcastane | ||
| 260 | |a Berlín |b Springer |c 1977 | ||
| 650 | 0 | |a Genética |9 259443 | |
| 650 | 7 | |a GENETICA DEMOGRAFICA |2 CL-VaPUC |9 519836 | |
| 650 | 7 | |a GENETICA DE POBLACION |2 CL-VaPUC |9 332230 | |
| 650 | 7 | |a BIOMATEMATICAS |2 CL-VaPUC |9 260148 | |
| 650 | 0 | |a Modelos matemáticos |9 259437 | |
| 583 | |a last modification |c 20121213 11:07:00 |k Rodrigo Vera | ||
| 490 | 0 | |a Biomathematics, 7 | |
| 999 | |c 350378 |d 350376 | ||
| 952 | |0 0 |1 0 |4 0 |6 576_000000000000000_LEW_1977 |7 0 |8 A |9 453663 |a BIBMAT |b BIBMAT |d 2019-11-22 |i 4918347 |o 576 LEW 1977 |p 4918347 |r 2025-01-07 |w 2019-11-22 |y BK |k MAT | ||